[Event "Challenge"]
[Site "http://www.queenalice.com/game.php?id=544924"]
[Date "2009.2.22"]
[Round "-"]
[White "tonycorreia"]
[Black "fac"]
[Result "0-1"]
[WhiteElo "1790"]
[BlackElo "2214"]

1. e4 e5 2. Bc4 Nf6 3. Nc3 Nc6 4. Nd5 Nxe4 5. Qg4 Nf6 6. Nxf6+ Qxf6 7. Qe4 Nd4
8. c3 d5 9. Bxd5 Bf5 10. Bxf7+ Kxf7 11. Qxb7 Nc2+ 12. Kf1 Bd6 13. Rb1 Nd4 14.
Ra1 Bd3+ 0-1

[Event "Challenge"]
[Site "http://www.queenalice.com/game.php?id=544927"]
[Date "2009.2.22"]
[Round "-"]
[White "paloberto"]
[Black "fac"]
[Result "0-1"]
[WhiteElo "1580"]
[BlackElo "2217"]

1. e4 e5 2. Nf3 Nc6 3. Bb5 a6 4. Bxc6 dxc6 5. d3 Bc5 6. O-O Bg4 7. Nc3 h6 8. h3
Bxf3 9. Qxf3 Ne7 10. Be3 Qd6 11. a3 O-O 12. Na4 Bd4 13. c3 Bxe3 14. Qxe3 f5 15.
Nc5 f4 16. Nxb7 fxe3 17. Nxd6 exf2+ 18. Rxf2 cxd6 19. c4 Rxf2 20. Kxf2 a5 21. b4
axb4 22. a4 Ra5 23. g4 Nc8 24. h4 Nb6 25. Ke2 Rxa4 26. Rxa4 Nxa4 27. Kd2 Nc5 28.
Kc2 h5 29. g5 Ne6 30. Kb3 c5 31. Kb2 Nxg5 32. Kb3 Nf3 33. Kb2 Nxh4 34. Kb3 Nf3
35. Kb2 h4 0-1

[Event "Challenge"]
[Site "http://www.queenalice.com/game.php?id=545016"]
[Date "2009.2.23"]
[Round "-"]
[White "fac"]
[Black "EL_CHICO"]
[Result "1-0"]
[WhiteElo "2188"]
[BlackElo "2009"]

1. e4 e5 2. Nf3 Nf6 3. Nxe5 d6 4. Nf3 Nxe4 5. Be2 Be7 6. O-O O-O 7. d3 Ng5 8.
Nc3 Be6 9. d4 Nxf3+ 10. Bxf3 d5 11. Bf4 c6 12. Qd3 Nd7 13. Rfe1 Nf6 14. Re2 Qd7
15. Rae1 Rae8 16. Qd2 Kh8 17. Be5 Ng8 18. Na4 b6 19. Nc3 Bf6 20. Qf4 Bxe5 21.
Rxe5 Ne7 22. Bh5 Ng6 23. Bxg6 hxg6 24. Qe3 Re7 25. h3 Rfe8 26. Qf4 f6 27. R5e2
Bf5 28. Qd2 Rxe2 29. Rxe2 Rxe2 30. Nxe2 g5 31. Ng3 Bg6 32. c3 Qe6 33. Qe2 Qxe2
34. Nxe2 a5 35. f4 Bd3 36. Nc1 Be4 37. fxg5 fxg5 38. Nb3 Kh7 39. Nd2 Bg6 40. Nf3
Kh6 41. b4 a4 42. a3 b5 43. Ne5 Be8 44. Kf2 g6 45. Kf3 Kg7 46. Kg4 Kf6 47. g3
Bf7 48. Nxf7 Kxf7 49. Kxg5 Kg7 50. h4 Kf7 51. Kh6 Kf6 52. g4 1-0

[Event "Challenge"]
[Site "http://www.queenalice.com/game.php?id=545307"]
[Date "2009.2.23"]
[Round "-"]
[White "fac"]
[Black "Ponce"]
[Result "1-0"]
[WhiteElo "2195"]
[BlackElo "1551"]

1. e4 c5 2. Nf3 Nc6 3. Bb5 Qc7 4. O-O a6 5. Be2 b5 6. d4 c4 7. a4 Qb6 8. axb5
Nd8 9. Bxc4 h6 10. d5 d6 11. Be3 Qc7 12. Nbd2 Nf6 13. bxa6 Nxe4 14. Bb5+ Bd7 15.
Bxd7+ Qxd7 16. Nxe4 e6 17. a7 e5 18. c4 Be7 19. c5 O-O 20. cxd6 Bxd6 21. Ra6 Nb7
22. Nxd6 Nxd6 23. Nxe5 Qb5 24. Rxd6 Qxb2 25. Qh5 Rab8 26. Bxh6 gxh6 27. axb8=Q
Qxb8 28. Rxh6 Qd8 29. Qg4+ 1-0

[Event "Challenge"]
[Site "http://www.queenalice.com/game.php?id=550095"]
[Date "2009.3.4"]
[Round "-"]
[White "Gorgona"]
[Black "fac"]
[Result "0-1"]
[WhiteElo "1784"]
[BlackElo "2184"]

1. e4 e5 2. f4 exf4 3. Nf3 d5 4. exd5 Qxd5 5. d4 Bd6 6. Qe2+ Ne7 7. Qb5+ Bd7 8.
Qxd5 Nxd5 9. c4 Ne3 10. Bxe3 fxe3 11. g3 Nc6 12. c5 Bg4 13. Bg2 Be7 14. Na3 Bxf3
15. Bxf3 Nxd4 16. Bxb7 Rb8 17. c6 Bxa3 18. bxa3 Nc2+ 19. Ke2 Nxa1 20. Rxa1 Rd8
21. Kxe3 O-O 22. Ba6 Rfe8+ 23. Kf4 Rd4+ 24. Kf3 Ra4 25. Bf1 Rxa3+ 26. Kg2 Re6
0-1

[Event "Challenge"]
[Site "http://www.queenalice.com/game.php?id=550096"]
[Date "2009.3.4"]
[Round "-"]
[White "fac"]
[Black "Gorgona"]
[Result "1-0"]
[WhiteElo "2201"]
[BlackElo "1819"]

1. e4 c5 2. Nf3 d6 3. d4 cxd4 4. Nxd4 e5 5. Bb5+ Bd7 6. Bxd7+ Qxd7 7. Nb3 Nf6 8.
Nc3 Be7 9. O-O O-O 10. Be3 b5 11. Qd3 a6 12. Nd5 Nxd5 13. Qxd5 Qc6 14. Rad1 Qxd5
15. Rxd5 Nc6 16. c3 Rab8 17. f3 f5 18. Nd2 f4 19. Bf2 g5 20. Rd1 Rfd8 21. Nb3 a5
22. a3 a4 23. Nc1 Rd7 24. Nd3 Rdd8 25. Nb4 Nxb4 26. axb4 Kf7 27. h3 Ke6 28. Kf1
h5 29. Ke2 h4 30. R1d2 Rdc8 31. Rc2 Rc6 32. Kd2 Ra6 33. Kc1 a3 34. Kb1 axb2 35.
Kxb2 Rc6 36. Kb3 Bd8 37. Ra2 Rbc8 38. Be1 Rb8 39. Ra7 Kf6 40. Kb2 Ke6 41. Kc2
Bc7 42. Kd3 Kf6 43. Bd2 Bd8 44. Ra3 Ke6 45. Be1 Rb7 46. Ra8 Ke7 47. Kc2 Kd7 48.
Kb2 Ke7 49. Bf2 Rbc7 50. Rb8 Rxc3 51. Bc5 dxc5 52. Kxc3 cxb4+ 53. Kxb4 Rd7 54.
Rxe5+ Kf6 55. Rbxb5 Rg7 56. Red5 Ke6 57. Rxd8 1-0

[Event "Desafio #1"]
[Site "http://www.queenalice.com/game.php?id=597825"]
[Date "2009.6.3"]
[Round "-"]
[White "Aylton"]
[Black "fac"]
[Result "0-1"]
[WhiteElo "2058"]
[BlackElo "2193"]

1. d4 g6 2. Nf3 Bg7 3. e3 d6 4. c4 Nd7 5. Nc3 Ngf6 6. h3 O-O 7. Be2 c5 8. O-O
cxd4 9. exd4 Nb6 10. Be3 Bf5 11. g4 Be6 12. d5 Bd7 13. Qb3 Qc8 14. Nh2 Qc7 15.
Bxb6 axb6 16. f4 b5 17. Nxb5 Qc5+ 18. Kg2 Bxb5 19. cxb5 Nxd5 20. Rf3 Qd4 21. Rd1
Nxf4+ 22. Kf1 Nxe2 23. Rxd4 Nxd4 24. Qd5 Nxf3 25. Nxf3 b6 26. Qb3 e6 27. a4 Rfc8
28. Qb4 Rc1+ 29. Ne1 d5 30. b3 Bc3 0-1

[Event "Desafio #2"]
[Site "http://www.queenalice.com/game.php?id=597826"]
[Date "2009.6.3"]
[Round "-"]
[White "fac"]
[Black "Aylton"]
[Result "1-0"]
[WhiteElo "2185"]
[BlackElo "2063"]

1. e4 e5 2. Nf3 Nc6 3. d4 exd4 4. Nxd4 Nge7 5. Nc3 Nxd4 6. Qxd4 Nc6 7. Qd5 d6 8.
Bb5 Bd7 9. O-O a6 10. Bxc6 Bxc6 11. Qd4 Qe7 12. Nd5 Bxd5 13. exd5 Qd7 14. Re1+
Be7 15. Qxg7 O-O-O 16. Qxf7 Rde8 17. Bh6 Rhg8 18. b3 Kb8 19. Re6 c6 20. Rae1 1-0

[Event "Challenge"]
[Site "http://www.queenalice.com/game.php?id=600524"]
[Date "2009.6.8"]
[Round "-"]
[White "Bergman"]
[Black "fac"]
[Result "1-0"]
[WhiteElo "2636"]
[BlackElo "2202"]

1. d4 g6 2. e4 Bg7 3. Nf3 Nf6 4. e5 Nd5 5. c4 Nb4 6. Bf4 O-O 7. a3 N4a6 8. Nc3
c5 9. d5 d6 10. Be2 Bg4 11. exd6 exd6 12. O-O Re8 13. Rb1 Nc7 14. Re1 Bxc3 15.
bxc3 b6 16. Qd2 Qf6 17. Bg5 Qg7 18. Qf4 Bxf3 19. Bxf3 Rxe1+ 20. Rxe1 Qxc3 21.
Rc1 Qxa3 22. Qxd6 Nba6 23. Qf6 Ne8 24. Qe7 Rb8 25. d6 Nxd6 26. Bd5 Nb4 27. Qxd6
Rf8 28. Bxf7+ Rxf7 29. Bh6 Qxc1+ 30. Bxc1 h5 31. Qxg6+ Kf8 32. Bh6+ Ke7 33. f4
Na6 34. f5 Nc7 35. Qxh5 a6 36. Bg5+ Ke8 37. Bf4 Na8 38. f6 a5 39. Qe5+ Kd8 40.
Qd5+ Ke8 41. Qxa8+ Kd7 42. Qd5+ Ke8 43. Qe6+ 1-0

[Event "Challenge"]
[Site "http://www.queenalice.com/game.php?id=600536"]
[Date "2009.6.8"]
[Round "-"]
[White "fac"]
[Black "Bergman"]
[Result "0-1"]
[WhiteElo "2201"]
[BlackElo "2639"]

1. e4 e5 2. Nf3 d6 3. d4 exd4 4. Nxd4 Nf6 5. Nc3 Be7 6. Bc4 O-O 7. Bf4 Nc6 8.
O-O h6 9. Nxc6 bxc6 10. Bb3 Nd7 11. Qf3 Bg5 12. Qe3 Re8 13. Bxg5 Qxg5 14. Qxg5
hxg5 15. Rfd1 g4 16. Bc4 Re5 17. b3 Nf6 18. f3 gxf3 19. gxf3 g6 20. Rd2 Bh3 21.
Rad1 Kg7 22. Ne2 Rh8 23. Ng3 Rg5 24. a3 Rh4 25. Bf1 Nh5 26. Kf2 Bxf1 27. Nxf1
Nf4 28. Ke3 Ra5 29. a4 Re5 30. Kf2 Rh3 31. b4 Rg5 32. c4 c5 33. b5 f5 34. exf5
gxf5 35. Rc1 Ng6 36. Rc3 Nh4 37. Ke2 Kf6 38. a5 f4 39. Kd1 Nf5 40. Ke1 Nd4 41.
Kf2 Rh8 42. Rb2 Rhg8 43. Ke1 Re8+ 44. Kf2 Rge5 45. a6 Re2+ 46. Rxe2 Rxe2+ 47.
Kg1 Kg5 48. Kh1 Kh4 49. Kg1 Kh3 0-1

[Event "Challenge"]
[Site "http://www.queenalice.com/game.php?id=741718"]
[Date "2010.3.5"]
[Round "-"]
[White "fac"]
[Black "Fernandoventura"]
[Result "1-0"]
[WhiteElo "2220"]
[BlackElo "1923"]

1. e4 c5 2. Nf3 Nc6 3. d4 cxd4 4. Nxd4 g6 5. c4 Bg7 6. Be3 Nf6 7. Nc3 O-O 8. Be2
Qa5 9. O-O d6 10. Nd5 Nxd5 11. cxd5 Nxd4 12. Bxd4 Bd7 13. Bxg7 Kxg7 14. Qd4+ Kg8
15. a3 Rfc8 16. Rac1 Bb5 17. b4 Qa6 18. Rxc8+ Rxc8 19. Bxb5 Qxb5 20. Qxa7 b6 21.
Qxe7 1-0

[Event "Challenge"]
[Site "http://www.queenalice.com/game.php?id=745601"]
[Date "2010.3.13"]
[Round "-"]
[White "fac"]
[Black "capaputi"]
[Result "1-0"]
[WhiteElo "2198"]
[BlackElo "2163"]

1. e4 c5 2. Nf3 Nc6 3. d4 cxd4 4. Nxd4 Nf6 5. Nc3 d6 6. Bg5 e6 7. Qd2 Qb6 8. Rd1
Be7 9. Be3 Nxd4 10. Bxd4 Qd8 11. Bb5+ Bd7 12. O-O a6 13. Bxd7+ Qxd7 14. Bxf6
gxf6 15. Qh6 O-O-O 16. Qh5 Qe8 17. Rd3 Kb8 18. Rg3 h6 19. Rg7 Bf8 20. Rg3 Rc8
21. Rd1 Rc5 22. Qe2 f5 23. b4 f4 24. bxc5 fxg3 25. cxd6 gxh2+ 26. Kxh2 Qc6 27.
Qd3 Bg7 28. Ne2 Rd8 29. f4 e5 30. g3 f6 31. Qd5 Bf8 32. d7 Qxd5 33. Rxd5 Kc7 34.
fxe5 fxe5 35. Rxe5 Rxd7 36. Rd5 Rxd5 37. exd5 Kd6 38. Nf4 Be7 39. Kh3 Bg5 40. c4
b5 41. cxb5 axb5 42. Kg4 Bxf4 43. gxf4 Kxd5 44. Kf5 h5 45. Kg5 Ke6 46. a3 Kf7
47. Kxh5 Kf6 48. Kg4 Kg6 49. Kf3 1-0

[Event "Challenge"]
[Site "http://www.queenalice.com/game.php?id=745602"]
[Date "2010.3.13"]
[Round "-"]
[White "dossoman"]
[Black "fac"]
[Result "1/2-1/2"]
[WhiteElo "2135"]
[BlackElo "2200"]

1. e4 e5 2. Nf3 Nc6 3. d4 exd4 4. Bc4 Nf6 5. e5 d5 6. Bb5 Ne4 7. Nxd4 Bc5 8. Be3
Bd7 9. Bxc6 Bxc6 10. O-O O-O 11. f3 Ng5 12. f4 Ne6 13. f5 Nxd4 14. Bxd4 Bxd4+
15. Qxd4 Bb5 16. Rf3 c6 17. Nc3 Bc4 18. b3 Ba6 19. Na4 f6 20. e6 b6 21. Nc3 Qd6
22. Qh4 Qc5+ 23. Kh1 d4 24. Ne4 Qe5 25. Re1 c5 26. Rh3 h6 27. Rg3 Rae8 28. Rg4
Re7 29. Qg3 Qxf5 30. Nd6 Qxc2 31. Nf7 Rfxf7 32. exf7+ Rxf7 33. Qb8+ Kh7 34. Qe8
Rb7 35. h3 Bd3 36. Qc8 f5 37. Re8 Qd1+ 38. Kh2 fxg4 39. Rh8+ Kg6 40. Qc6+ Kh5
41. Qxb7 g6 42. Qe7 Qe2 43. Qg7 Qe3 44. hxg4+ Kxg4 45. Rxh6 Qf4+ 46. Kg1 Bf5 47.
Rh3 d3 48. Qe7 Qd4+ 49. Kh2 Qf4+ 50. Kg1 Qd4+ 51. Kh2 Qf4+ 52. Kg1 1/2-1/2

[Event "Challenge"]
[Site "http://www.queenalice.com/game.php?id=746815"]
[Date "2010.3.16"]
[Round "-"]
[White "fac"]
[Black "Rafvanmar"]
[Result "1-0"]
[WhiteElo "2209"]
[BlackElo "2171"]

1. e4 d6 2. d4 Nf6 3. Nc3 g6 4. f4 Bg7 5. Nf3 O-O 6. Bd3 c5 7. dxc5 dxc5 8. Qe2
Qb6 9. e5 Ng4 10. h3 Nh6 11. Qf2 Rd8 12. O-O Nc6 13. Na4 1-0

[Event "Let's Play Chess!"]
[Site "http://www.queenalice.com/game.php?id=835784"]
[Date "2010.9.21"]
[Round "-"]
[White "Xmen"]
[Black "fac"]
[Result "1-0"]
[WhiteElo "1937"]
[BlackElo "2197"]

1. Nf3 f5 2. Nc3 Nf6 3. d3 Nc6 4. e4 e5 5. a3 Be7 6. Bg5 O-O 7. Bxf6 Rxf6 8. Nd5
Rf7 9. Nxe7+ Qxe7 10. d4 exd4 11. Bc4 Qxe4+ 12. Qe2 d5 13. Qxe4 fxe4 14. Bxd5
exf3 15. Bxf7+ 1-0

[Event "Challenge"]
[Site "http://www.queenalice.com/game.php?id=836024"]
[Date "2010.9.21"]
[Round "-"]
[White "fac"]
[Black "Cuxtal"]
[Result "0-1"]
[WhiteElo "2154"]
[BlackElo "1842"]

1. e4 c5 2. Nf3 Nc6 3. d4 cxd4 4. Nxd4 e5 5. Nb5 d6 6. c4 a6 7. N5c3 Nf6 8. Bg5
Be7 9. Nd2 O-O 10. Bd3 Bg4 11. f3 Be6 12. Be3 Nh5 13. Nd5 Nf4 14. Nxf4 Bh4+ 15.
g3 exf4 16. Bxf4 Bf6 17. Qb3 b5 18. Rc1 Bd4 19. Be2 Rc8 20. Qa3 Bc5 21. Qd3 g5
22. Be3 bxc4 23. Qc3 Nb4 24. Ra1 Bxe3 25. Qxb4 Qf6 26. Rb1 d5 27. exd5 Bxd5 28.
Rf1 Bc5 29. Qc3 Qe6 30. f4 Rfe8 31. Qe5 Qxe5 32. fxe5 Rxe5 33. Kd1 Rd8 34. Rc1
Bg2 35. Rf6 Be3 36. Rc2 Be4 37. Bxc4 Bxc2+ 38. Kxc2 Rxd2+ 39. Kc3 Re7 40. h3
Rxb2 41. Kxb2 Bd4+ 42. Kc2 Bxf6 43. Bxa6 Re3 0-1

[Event "Challenge"]
[Site "http://www.queenalice.com/game.php?id=836108"]
[Date "2010.9.22"]
[Round "-"]
[White "fac"]
[Black "copadeplata"]
[Result "0-1"]
[WhiteElo "2154"]
[BlackElo "2245"]

1. e4 c5 2. Nf3 e6 3. d4 cxd4 4. Nxd4 Nf6 5. Nc3 Nc6 6. Nxc6 bxc6 7. e5 Nd5 8.
Ne4 Qc7 9. f4 Qb6 10. Bd3 Ba6 11. Bxa6 Qxa6 12. Qe2 Qxe2+ 13. Kxe2 f5 14. exf6
Nxf6 15. Nxf6+ gxf6 16. Be3 d5 17. g3 Kd7 18. Rad1 Rb8 19. b3 a5 20. Rhe1 Bb4
21. Rf1 h5 22. c4 Kd6 23. Rd3 Rhg8 24. Rfd1 h4 25. f5 e5 26. cxd5 c5 27. Bf2
hxg3 28. Rxg3 Rxg3 29. Bxg3 Bc3 30. Kd3 Bd4 31. Ke4 a4 32. Rd3 Rb4 33. h3 Bc3+
34. Kf3 axb3 35. axb3 Rxb3 36. Ke4 c4 37. Rd1 Bb2 38. Bh4 Rxh3 39. Bxf6 Rg3 40.
Rh1 Rg4+ 41. Ke3 Kxd5 42. Rh2 Bd4+ 43. Kd2 Rf4 44. Bh4 Rxf5 45. Be1 Rf3 46. Kc2
c3 47. Rg2 Re3 48. Bh4 Kc4 49. Rh2 e4 50. Rg2 Rh3 51. Be1 e3 52. Re2 Rf3 53. Rh2
Rf1 0-1